Child trafficking in India (Record no. 160610)

MARC details
000 -LEADER
fixed length control field 00652nam a22001937a 4500
005 - DATE AND TIME OF LATEST TRANSACTION
control field 20190213150706.0
010 ## - LCCN (DPL NO)
LC control number ENG-124754
020 ## - INTERNATIONAL STANDARD BOOK NUMBER
International Standard Book Number 9789386695109
Terms of availability 1195.00
035 ## - SYSTEM CONTROL NUMBER
System control number EN-108286
037 ## - SOURCE OF ACQUISITION
Source of stock number/acquisition DBAD/PUB
082 ## - DEWEY DECIMAL CLASSIFICATION NUMBER
Classification number 364.15083
100 ## - MAIN ENTRY--PERSONAL NAME
Personal name Suresh, Devath
245 ## - TITLE STATEMENT
Title Child trafficking in India
Statement of responsibility, etc by Devath Suresh
260 ## - PUBLICATION, DISTRIBUTION, ETC. (IMPRINT)
Place of publication, distribution, etc New Delhi
Name of publisher, distributor, etc Aryan Publication
Date of publication, distribution, etc 2018
270 ## - ADDRESS
Address 110, Gali No.4, Harphool Vihar, Bapraula
City New Delhi
Postal code 110043
Telephone number 09891896483
Electronic mail address aryanpublicaation12@gmail.com
300 ## - PHYSICAL DESCRIPTION
Extent xvii,458p.
Dimensions 22cm(Hb)
500 ## - GENERAL NOTE
General note includes bibliographical references and index
942 ## - ADDED ENTRY ELEMENTS (KOHA)
Source of classification or shelving scheme Dewey Decimal Classification
Item type English Books
Classification part 364.15083
Call number suffix SUR
Holdings
Withdrawn status Lost status Not for loan Collection code Home library Current library Date acquired Source of acquisition Cost, normal purchase price Full call number Barcode Copy number Cost, replacement price Koha item type
      Non-fiction Sarojini Nagar Sarojini Nagar 06/02/2019 DBAD/PUB 1195.00 364.15083 SUR EN-108286 1 1195.00 English Books

© Delhi Public Library
Hit Counter
free hit counter